An Introduction to Political Theory (Record no. 4296)

000 -LEADER
fixed length control field 00389nam a2200157Ia 4500
008 - FIXED-LENGTH DATA ELEMENTS--GENERAL INFORMATION
fixed length control field 190328s9999||||xx |||||||||||||| ||und||
020 ## - INTERNATIONAL STANDARD BOOK NUMBER
International Standard Book Number 9788171981267
082 ## - DEWEY DECIMAL CLASSIFICATION NUMBER
Classification number 320
Item number GAU/A
100 ## - MAIN ENTRY--PERSONAL NAME
Personal name Gauba, O.P.
245 #3 - TITLE STATEMENT
Title An Introduction to Political Theory
250 ## - EDITION STATEMENT
Edition statement 9th
260 ## - PUBLICATION, DISTRIBUTION, ETC.
Place of publication, distribution, etc. Indrapuram
Name of publisher, distributor, etc. Mayur Paperbacks
Date of publication, distribution, etc. 2017
300 ## - PHYSICAL DESCRIPTION
Extent 685
650 ## - SUBJECT ADDED ENTRY--TOPICAL TERM
Topical term or geographic name entry element Political Science
942 ## - ADDED ENTRY ELEMENTS (KOHA)
Koha item type Book

No items available.

All Rights Reserved@MUIT

Powered by Koha